Literary Detectives Quiz Stats

 Plays Quiz Updated Feb 18, 2020

Support Sporcle.
Go Orange.
Score 0/24 Timer 08:00
0 Plays Today
Detective Creator % Correct
Sherlock HolmesSir Arthur Conan Doyle
83.5%
Hercule Poirot, Miss MarpleAgatha Christie
82.2%
Robert LangdonDan Brown
58%
Alex CrossJames Patterson
33.4%
Sam SpadeDashiell Hammett
29.2%
Philip MarloweRaymond Chandler
28.3%
Nancy DrewCarolyn Keene
26.2%
C Auguste DupinEdgar Allan Poe
22.7%
Lord Peter WimseyDorothy L Sayers
22.1%
Father BrownG K Chesterton
20.4%
Kinsey MillhoneSue Grafton
20.3%
Stephanie PlumJanet Evanovich
20%
Detective Creator % Correct
Inspector MorseColin Dexter
18.8%
John RebusIan Rankin
17.8%
Frank Hardy, Joe HardyFranklin W Dixon
16.6%
SpenserRobert B Parker
13.2%
Nero WolfeRex Stout
13%
Hieronymus 'Harry' BoschMichael Connelly
10.8%
Alex DelawareJonathan Kellerman
10.1%
Encyclopedia BrownDonald J Sobol
9.4%
V I WarshawskiSara Paretsky
9.4%
Lew ArcherRoss Macdonald
8.6%
Fletch (Irwin Maurice Fletcher)Gregory McDonald
6.1%
Kit FieldingDick Francis
6%

From the Vault

Standout Countries

by Ghayes

All these countries are great at doing what they do.
Remove Ads.
Support Sporcle.
Get the best of Sporcle when you Go Orange. This ad-free experience offers more features, more stats, and more fun while also helping to support Sporcle. Thank you for becoming a member.

Show Comments

Extras

Top Quizzes Today


Score Distribution

Your Account Isn't Verified!

In order to create a playlist on Sporcle, you need to verify the email address you used during registration. Go to your Sporcle Settings to finish the process.

Report this User

Report this user for behavior that violates our Community Guidelines.

Details: